[Event "60th ch-RUS Higher League"]
[Site "Krasnoyarsk RUS"]
[Date "2007.09.03"]
[Round "1"]
[White "Korotylev,A"]
[Black "Panarin,M"]
[Result "1-0"]
[WhiteElo "2616"]
[BlackElo "2529"]
[EventDate "2007.09.03"]

1. d4 d5 2. c4 c6 3. Nc3 Nf6 4. Nf3 dxc4 5. a4 Bf5 6. e3 e6 7. Bxc4 Bb4 8.
Ne5 Nbd7 9. Nxd7 Qxd7 10. Qb3 a5 11. O-O O-O 12. Rd1 Qc7 13. f3 e5 14. dxe5
Qxe5 15. e4 Bg6 16. Ne2 Bxe4 17. fxe4 Ng4 18. Bf4 Qc5+ 19. Rd4 Rad8 20.
Rad1 Rxd4 21. Rxd4 Qa7 22. Kf1 b5 23. axb5 Bc5 24. Rd1 Nf2 25. bxc6 Nxd1
26. Qxd1 Qe7 27. Bd5 g5 28. Bg3 Qf6+ 29. Ke1 h5 30. Qc2 Bb4+ 31. Nc3 a4 32.
Ke2 a3 33. Nd1 Bd6 34. bxa3 h4 35. Bxd6 Qxd6 36. Qd2 Qe5 37. Nf2 Rb8 38.
Nd3 Qxh2 39. Qxg5+ Kf8 40. Qf6 Qxg2+ 41. Nf2 Qg6 42. c7 1-0

[Event "60th ch-RUS Higher League"]
[Site "Krasnoyarsk RUS"]
[Date "2007.09.03"]
[Round "1"]
[White "Galkin,A"]
[Black "Romanov,E"]
[Result "1/2-1/2"]
[WhiteElo "2608"]
[BlackElo "2521"]
[EventDate "2007.09.03"]

1. e4 e5 2. Nf3 Nc6 3. Bb5 a6 4. Ba4 Nf6 5. O-O Be7 6. Re1 b5 7. Bb3 d6 8.
c3 O-O 9. h3 Na5 10. Bc2 c5 11. d4 Qc7 12. Nbd2 cxd4 13. cxd4 Nc6 14. a3
Bd7 15. d5 Na5 16. Nf1 Nh5 17. b3 Rfc8 18. Ne3 g6 19. Bd2 Bd8 20. Kh2 Qb8
21. g3 Bb6 22. Bd3 Rc7 23. Rb1 Qf8 24. Rf1 Rac8 25. Qe2 Nb7 26. b4 Ng7 27.
Ng4 f6 28. Nh4 Bd4 29. Rbc1 Nd8 30. Rxc7 Rxc7 31. Rc1 Rxc1 32. Bxc1 Qe7 33.
Qc2 Ne8 34. Nh6+ Kg7 35. a4 Nf7 36. Nxf7 Kxf7 37. Nf3 Bb6 38. a5 Ba7 39.
Ne1 Qd8 40. Ng2 Qc8 41. Qxc8 Bxc8 42. Be3 Bxe3 43. Nxe3 Ng7 44. Nd1 f5 45.
Nc3 Bd7 46. Kg2 fxe4 47. Nxe4 Ke7 48. g4 Ne8 49. Kg3 1/2-1/2

[Event "60th ch-RUS Higher League"]
[Site "Krasnoyarsk RUS"]
[Date "2007.09.03"]
[Round "1"]
[White "Nechepurenko,R"]
[Black "Bocharov,D"]
[Result "1/2-1/2"]
[WhiteElo "2510"]
[BlackElo "2605"]
[EventDate "2007.09.03"]

1. d4 d5 2. c4 c6 3. Nc3 Nf6 4. Nf3 e6 5. Bg5 h6 6. Bh4 dxc4 7. e4 g5 8.
Bg3 b5 9. Be2 Bb7 10. h4 g4 11. Ne5 Nbd7 12. Nxd7 Qxd7 13. Be5 Qe7 14. Bxg4
Rg8 15. Bh3 O-O-O 16. Qf3 Nd7 17. Bg3 Qf6 18. Qe3 Nb6 19. Be5 Qe7 20. d5
cxd5 21. O-O-O Bc6 22. Qf4 Rd7 23. Rhe1 dxe4 24. Bf6 Qe8 25. Rxd7 Qxd7 26.
Rd1 Nd5 27. Nxd5 Bxd5 28. Qe5 Kb7 29. Qxe4 Bb4 30. g4 Qc6 31. Qf4 Rc8 32.
Bc3 Bxc3 33. bxc3 Qc5 34. Kb2 Rc7 35. Qe3 Qxe3 36. fxe3 Kc6 37. Rf1 Rd7 38.
Rf4 e5 39. Rf6+ Rd6 40. Rxd6+ Kxd6 41. g5 hxg5 42. hxg5 a5 43. a3 Be4 44.
Bg4 Kd5 45. Bh5 Ke6 46. Kc1 Ke7 47. Bg4 Kd6 48. Bh5 Bd5 49. g6 f5 50. g7
Bg8 51. Bg6 Ke6 52. Be8 Kf6 53. Bxb5 Kxg7 54. Kd2 Kf6 55. Ke2 Bd5 56. Kf2
Ke6 57. Ba4 Be4 58. Be8 Kd6 59. Bh5 Bc2 60. Kg3 Kc5 61. Be8 Kd5 62. Kf2 Be4
63. Ba4 Kc5 64. Kg3 Kd5 65. Kf2 f4 66. exf4 exf4 67. Be8 Ke5 68. Ba4 Bg6
69. Bc6 Bh5 70. Ba4 Bg6 71. Bc6 Bc2 72. Be8 Bd1 73. Bc6 Kd6 74. Be8 Kc5 75.
Bd7 Kd5 1/2-1/2

[Event "60th ch-RUS Higher League"]
[Site "Krasnoyarsk RUS"]
[Date "2007.09.03"]
[Round "1"]
[White "Iskusnyh,S"]
[Black "Yakovich,Yur"]
[Result "1/2-1/2"]
[WhiteElo "2488"]
[BlackElo "2597"]
[EventDate "2007.09.03"]

1. d4 Nf6 2. c4 e6 3. g3 d5 4. Nf3 dxc4 5. Bg2 c6 6. O-O b5 7. Nc3 Bb7 8.
e4 Be7 9. e5 Nd5 10. Ne4 h6 11. Nh4 Nd7 12. Qh5 Nf8 13. Bd2 g6 14. Qe2 Nd7
15. b3 cxb3 16. axb3 b4 17. Nd6+ Bxd6 18. exd6 a5 19. Rfe1 Ba6 20. Qe4 Kf8
21. Bh3 g5 22. Ng6+ fxg6 23. Bxe6 Kg7 24. Bxd5 cxd5 25. Qe7+ Qxe7 26. Rxe7+
Kf6 27. Rxd7 Bd3 28. Re7 Rhd8 29. Re3 Bc2 30. g4 a4 31. bxa4 b3 32. Bc3
Rxd6 33. a5 Rc6 34. Bb2 Rca6 35. Bc3 Rb8 36. Rae1 Be4 37. f3 Bc2 38. Re8
Rxe8 39. Rxe8 Rc6 1/2-1/2

[Event "60th ch-RUS Higher League"]
[Site "Krasnoyarsk RUS"]
[Date "2007.09.03"]
[Round "1"]
[White "Grigoriants,S RUS"]
[Black "Anisimov,P"]
[Result "1/2-1/2"]
[WhiteElo "2591"]
[BlackElo "2482"]
[EventDate "2007.09.03"]

1. Nf3 Nf6 2. c4 e6 3. d4 b6 4. g3 Ba6 5. b3 Bb4+ 6. Bd2 Be7 7. Nc3 d5 8.
cxd5 exd5 9. Bg2 O-O 10. O-O c6 11. Qc2 Nbd7 12. Rad1 Re8 13. Rfe1 Bf8 14.
e4 dxe4 15. Nxe4 Nxe4 16. Rxe4 Rxe4 17. Qxe4 Rc8 18. Bg5 Nf6 19. Qf5 h6 20.
Bxf6 Qxf6 21. Qxf6 gxf6 22. Nh4 Be2 23. Re1 Bg4 24. Be4 Be6 25. Bf5 Re8 26.
Re4 a5 27. Ng2 Re7 28. Ne3 b5 29. Kg2 a4 30. Bxe6 fxe6 31. bxa4 bxa4 32.
Nc4 Re8 33. Nb6 a3 34. Nd7 Kf7 35. Nxf8 Rxf8 36. Re3 Rd8 1/2-1/2

[Event "60th ch-RUS Higher League"]
[Site "Krasnoyarsk RUS"]
[Date "2007.09.03"]
[Round "1"]
[White "Kostin,Alexe"]
[Black "Lysyj,I"]
[Result "1/2-1/2"]
[WhiteElo "2434"]
[BlackElo "2578"]
[EventDate "2007.09.03"]

1. e4 e6 2. d4 d5 3. exd5 exd5 4. Bd3 c5 5. Qe2+ Be7 6. dxc5 Nf6 7. Nf3 O-O
8. O-O Bxc5 9. Bg5 h6 10. Bh4 Nc6 11. Qd2 Bg4 12. Qf4 Qb8 13. Qxb8 Raxb8
14. Bxf6 gxf6 15. Nbd2 Nb4 16. Ne1 Rfe8 17. Bb5 Nc6 18. Nd3 Bd6 19. Rfe1 a6
20. Ba4 Rec8 21. Nf1 Na5 22. Ne3 Be6 23. c3 b5 24. Bd1 Nc4 25. Bf3 Nxe3 26.
Rxe3 a5 27. a3 b4 28. axb4 axb4 29. Nxb4 Bxb4 30. cxb4 Rxb4 31. Rd3 d4 32.
Rd2 Bf5 33. Bd1 d3 34. f3 Kg7 35. Kf2 h5 36. b3 Rb5 37. h4 Bg6 38. g3 Kf8
39. f4 Ke7 40. Ra6 Rbc5 41. Ke3 Re8 42. Rb2 Kf8+ 43. Kd2 Rd8 44. Ra1 Rb8
1/2-1/2

[Event "60th ch-RUS Higher League"]
[Site "Krasnoyarsk RUS"]
[Date "2007.09.03"]
[Round "1"]
[White "Popov,Val"]
[Black "Voinov,A"]
[Result "1/2-1/2"]
[WhiteElo "2577"]
[BlackElo "2428"]
[EventDate "2007.09.03"]

1. d4 d5 2. c4 c6 3. Nc3 Nf6 4. e3 a6 5. Qc2 g6 6. Bd3 Bg7 7. Nge2 O-O 8.
O-O dxc4 9. Bxc4 Nbd7 10. b4 e5 11. Rd1 Qe7 12. a3 exd4 13. Nxd4 Nb6 14.
Be2 Rd8 15. Bb2 Bg4 16. h3 Bxe2 17. Ncxe2 a5 18. Qb3 axb4 19. axb4 Nfd5 20.
Nc2 Bxb2 21. Qxb2 Rxa1 22. Rxa1 Nc4 23. Qb3 Nd2 1/2-1/2

[Event "60th ch-RUS Higher League"]
[Site "Krasnoyarsk RUS"]
[Date "2007.09.03"]
[Round "1"]
[White "Petrukhin,D"]
[Black "Savchenko,B"]
[Result "1/2-1/2"]
[WhiteElo "2412"]
[BlackElo "2577"]
[EventDate "2007.09.03"]

1. e4 d6 2. Nc3 Nf6 3. f4 c5 4. Nf3 Nc6 5. d3 g6 6. g3 Bg7 7. Bg2 O-O 8.
O-O Rb8 9. a4 Nh5 10. Be3 Nd4 11. Qd2 Bd7 12. Qf2 e5 13. Nd5 f5 14. c3 Nc6
15. Qe2 exf4 16. Nxf4 Nxf4 17. gxf4 Kh8 18. Qf2 b6 19. Rae1 Na5 20. e5 Bxa4
21. Ng5 Bb3 22. c4 dxe5 23. Bd5 e4 24. Ne6 Qf6 25. Nxg7 Kxg7 26. Bd2 Nc6
27. dxe4 Nd4 28. Bc3 b5 29. e5 Qe7 30. Bxd4 cxd4 31. Qxd4 Bxc4 32. Bxc4
bxc4 33. Rf2 Rfd8 34. Qxc4 Rb4 35. Qc3 Rdd4 36. Qg3 Rbc4 37. b3 Qb4 38. Ra1
Rxf4 39. Rxa7+ Kh6 40. bxc4 Qe1+ 41. Kg2 Qe4+ 42. Kf1 Qxc4+ 43. Kg1 Rg4 44.
Raa2 Rxg3+ 45. hxg3 Qc3 46. Rh2+ Kg5 47. Rae2 Qa1+ 1/2-1/2

[Event "60th ch-RUS Higher League"]
[Site "Krasnoyarsk RUS"]
[Date "2007.09.03"]
[Round "1"]
[White "Kremenietsky,AnM"]
[Black "Khairullin,I"]
[Result "1/2-1/2"]
[WhiteElo "2353"]
[BlackElo "2567"]
[EventDate "2007.09.03"]

1. e4 c5 2. Nf3 d6 3. c3 Nf6 4. Be2 Nc6 5. d4 g6 6. O-O Bg7 7. d5 Nb8 8.
Bb5+ Nbd7 9. Re1 O-O 10. h3 a6 11. Bf1 b5 12. a4 Rb8 13. Na3 b4 14. Nc4
bxc3 15. bxc3 Nb6 16. Qc2 e6 17. dxe6 Bxe6 18. Nxd6 Qxd6 19. e5 Qc6 20.
exf6 Bxf6 21. Bxa6 Bf5 22. Bd3 Bxd3 1/2-1/2

[Event "60th ch-RUS Higher League"]
[Site "Krasnoyarsk RUS"]
[Date "2007.09.04"]
[Round "2"]
[White "Kobalia,M"]
[Black "Rychagov,A"]
[Result "0-1"]
[WhiteElo "2634"]
[BlackElo "2557"]
[EventDate "2007.09.03"]

1. e4 e6 2. d4 d5 3. Nc3 Nf6 4. e5 Nfd7 5. f4 c5 6. Nf3 Nc6 7. Be3 cxd4 8.
Nxd4 Bc5 9. Qd2 O-O 10. O-O-O a6 11. Qf2 Bxd4 12. Bxd4 b5 13. Be3 Qc7 14.
Kb1 Bb7 15. h4 f6 16. exf6 Nxf6 17. Qg1 Rae8 18. Bd3 Ng4 19. Bc1 d4 20. Ne4
e5 21. Ng5 h6 22. Be4 Nb4 23. Bh7+ Kh8 24. Qe1 Nd5 25. Bg6 Nde3 26. Rd2 Re7
27. fxe5 Nxe5 28. Be4 Bxe4 29. Nxe4 N5c4 30. Rxd4 Nxc2 31. Kxc2 Na3+ 32.
Kb3 Nc2 33. Qd2 Na1+ 34. Ka3 Nc2+ 35. Kb3 Nxd4+ 36. Qxd4 Qc4+ 37. Qxc4
bxc4+ 38. Kxc4 Rxe4+ 39. Kd3 Rg4 40. Bd2 Rxg2 41. Bc3 Rf4 42. h5 Rf5 43.
Rh4 Rgg5 44. Rc4 Rg3+ 45. Kc2 Rxh5 46. b4 Rhg5 47. a4 Kh7 48. Rc6 Rg6 49.
Rc7 h5 50. b5 axb5 51. axb5 R3g5 0-1

[Event "60th ch-RUS Higher League"]
[Site "Krasnoyarsk RUS"]
[Date "2007.09.04"]
[Round "2"]
[White "Najer,E"]
[Black "Kryakvin,D"]
[Result "1-0"]
[WhiteElo "2623"]
[BlackElo "2554"]
[EventDate "2007.09.03"]

1. e4 c6 2. d4 d5 3. e5 c5 4. dxc5 Nc6 5. Bb5 e6 6. Be3 Nge7 7. c3 Bd7 8.
Bxc6 Bxc6 9. Nf3 Nf5 10. Bd4 Nxd4 11. Qxd4 a5 12. b4 axb4 13. cxb4 b6 14.
cxb6 Ra4 15. a3 Qa8 16. O-O Bxb4 17. axb4 Rxa1 18. Qc5 Bb7 19. Rc1 Qd8 20.
Nd4 Qe7 21. Nb3 Qxc5 22. Nxc5 Bc8 23. b7 Bxb7 24. Nxb7 O-O 25. Nc5 Rb8 26.
Nd3 f6 27. f4 fxe5 28. fxe5 Rf8 29. h4 h6 30. Rd1 Rc8 31. Kf2 Rc4 32. g3 g5
33. h5 Kf7 34. Ke2 Re4+ 35. Kd2 Rg4 36. Rg1 Rc4 37. Rc1 Ra2+ 38. Kd1 Rg2
39. Rxc4 dxc4 40. Nc5 Rb2 41. Nc3 Rxb4 42. Kc2 Rb8 43. N3e4 Rd8 44. Nd6+
Ke7 45. Kc3 Rf8 46. Kxc4 Rf1 47. Nde4 Rd1 48. Nf6 Rh1 49. Nce4 Kf7 50. Kd4
Ra1 51. Nd6+ Kg7 52. Nde4 Kf7 53. Kc5 Ra5+ 54. Kd6 Ra6+ 55. Kd7 Ra7+ 56.
Kc6 Ra6+ 57. Kb5 Ra3 58. Ng4 Kg7 59. Kc6 Rd3 60. Ngf6 Kf7 61. g4 Ke7 62.
Ng8+ Kf7 63. Nxh6+ Kg7 64. Nf5+ exf5 65. gxf5 g4 66. e6 Re3 67. Kd5 Rh3 68.
f6+ Kg8 69. e7 1-0

[Event "60th ch-RUS Higher League"]
[Site "Krasnoyarsk RUS"]
[Date "2007.09.04"]
[Round "2"]
[White "Bocharov,D"]
[Black "Makarov,M"]
[Result "1-0"]
[WhiteElo "2605"]
[BlackElo "2518"]
[EventDate "2007.09.03"]

1. c4 g6 2. d4 Nf6 3. Nf3 Bg7 4. g3 d5 5. cxd5 Nxd5 6. Bg2 c5 7. e4 Nb6 8.
d5 e6 9. O-O exd5 10. exd5 O-O 11. Nc3 Bf5 12. Bg5 Qd7 13. Re1 f6 14. Be3
Na6 15. Nd2 Rac8 16. Nde4 Nc4 17. Bf4 g5 18. Qe2 Nb6 19. Be3 h6 20. Rad1
Rce8 21. Qf1 Rc8 22. f4 Bxe4 23. Bxe4 f5 24. Bd3 c4 25. Bb1 gxf4 26. Qxf4
Nc5 27. Qh4 Nd3 28. Bxd3 cxd3 29. Bxh6 Rc4 30. Qh5 Bd4+ 31. Kf1 Bxc3 32.
bxc3 Rf7 33. Qg6+ Kh8 34. Bg7+ Rxg7 35. Re8+ Qxe8 36. Qxe8+ 1-0

[Event "60th ch-RUS Higher League"]
[Site "Krasnoyarsk RUS"]
[Date "2007.09.04"]
[Round "2"]
[White "Tregubov,P"]
[Black "Nechepurenko,R"]
[Result "1-0"]
[WhiteElo "2599"]
[BlackElo "2510"]
[EventDate "2007.09.03"]

1. d4 d5 2. c4 c6 3. Nf3 Nf6 4. e3 g6 5. Nc3 Bg7 6. Bd3 O-O 7. O-O Bf5 8.
Bxf5 gxf5 9. cxd5 cxd5 10. Qb3 b6 11. Ne5 e6 12. Bd2 Nfd7 13. Nd3 Nc6 14.
Qa4 Ndb8 15. Rfc1 a6 16. b4 Ra7 17. Qb3 Ne7 18. b5 Qd7 19. Rc2 Rc8 20. Rac1
Rc4 21. Nb2 axb5 22. Nxb5 Rxc2 23. Rxc2 Rb7 24. Nd3 Nbc6 25. h3 Ng6 26. Qb1
Bf8 27. a4 Rb8 28. Qc1 Rc8 29. h4 h5 30. g3 Na7 31. Nc3 b5 32. axb5 Nxb5
33. Nxd5 Rxc2 34. Nf6+ Kg7 35. Nxd7 Rxc1+ 36. Bxc1 Bd6 37. Bb2 Kh6 38. Kg2
Ne7 39. N7e5 Bxe5 40. Nxe5 Kg7 41. f3 Nd5 42. Nc4 Nf6 43. Kf2 Nc7 44. Ke2
Ncd5 45. Ba3 Nd7 46. Bd6 Kg6 47. Kd3 N5b6 48. Nd2 Nd5 49. Nb3 N5f6 50. Nc1
Ne8 51. Ba3 Nef6 52. Ne2 e5 53. Nc3 Ne8 54. Nd5 Ng7 55. dxe5 Nxe5+ 56. Ke2
Ne6 57. Bb2 Nc6 58. Kd3 Kh7 59. Kc4 Na5+ 60. Kb4 Nc6+ 61. Kb5 Na7+ 62. Kb6
Nc8+ 63. Kc6 1-0

[Event "60th ch-RUS Higher League"]
[Site "Krasnoyarsk RUS"]
[Date "2007.09.04"]
[Round "2"]
[White "Romanov,E"]
[Black "Grigoriants,S RUS"]
[Result "1/2-1/2"]
[WhiteElo "2521"]
[BlackElo "2591"]
[EventDate "2007.09.03"]

1. e4 c5 2. Nf3 d6 3. d4 cxd4 4. Nxd4 Nf6 5. Nc3 a6 6. f4 Nbd7 7. Nf3 Qc7
8. a4 e6 9. Bd3 Be7 10. O-O O-O 11. Qe2 Nc5 12. Bd2 b6 13. b4 Nxd3 14. cxd3
Bb7 15. Rac1 Qd8 16. Nd4 Rc8 17. Rf3 g6 18. Rff1 Re8 1/2-1/2

[Event "60th ch-RUS Higher League"]
[Site "Krasnoyarsk RUS"]
[Date "2007.09.04"]
[Round "2"]
[White "Kiselev,G"]
[Black "Belov,Vl"]
[Result "1/2-1/2"]
[WhiteElo "2434"]
[BlackElo "2590"]
[EventDate "2007.09.03"]

1. e4 c5 2. Nf3 d6 3. d4 cxd4 4. Nxd4 Nf6 5. Nc3 a6 6. Be2 e5 7. Nb3 Be7 8.
O-O O-O 9. a4 Be6 10. f4 exf4 11. Bxf4 Nc6 12. Kh1 d5 13. exd5 Nxd5 14.
Nxd5 Bxd5 15. c3 Be6 16. Be3 Ne5 17. Nd4 Bc4 18. Bf4 1/2-1/2

[Event "60th ch-RUS Higher League"]
[Site "Krasnoyarsk RUS"]
[Date "2007.09.04"]
[Round "2"]
[White "Lastin,A"]
[Black "Iskusnyh,S"]
[Result "1-0"]
[WhiteElo "2583"]
[BlackElo "2488"]
[EventDate "2007.09.03"]

1. e4 c5 2. Nf3 d6 3. d4 cxd4 4. Nxd4 Nf6 5. Nc3 a6 6. Be3 e5 7. Nb3 Be6 8.
f3 Be7 9. Qd2 O-O 10. O-O-O a5 11. a4 Na6 12. g4 Nb4 13. Kb1 Nd7 14. h4 Nb6
15. Qf2 Nc4 16. Bxc4 Bxc4 17. f4 exf4 18. Bxf4 Bxb3 19. cxb3 Qd7 20. Qf3
Rfe8 21. Nb5 Ra6 22. g5 Bf8 23. Rhf1 Rc6 24. Bxd6 Bxd6 25. Nxd6 Rf8 26. Qf5
Qe7 27. Nxf7 Rc5 28. e5 Rd5 29. Rc1 Rdd8 30. e6 Rd5 31. Qe4 Re8 32. Nh6+
Kh8 33. Rf7 1-0

[Event "60th ch-RUS Higher League"]
[Site "Krasnoyarsk RUS"]
[Date "2007.09.04"]
[Round "2"]
[White "Voinov,A"]
[Black "Kurnosov,I"]
[Result "1/2-1/2"]
[WhiteElo "2428"]
[BlackElo "2579"]
[EventDate "2007.09.03"]

1. Nf3 g6 2. g3 Bg7 3. Bg2 e5 4. O-O d5 5. d3 Ne7 6. e4 O-O 7. exd5 Nxd5 8.
Re1 Nc6 9. Bd2 h6 10. Nc3 Nde7 11. Qc1 g5 12. h4 f6 13. Rb1 a5 14. a3 Ng6
15. b4 axb4 16. axb4 gxh4 17. Bxh6 hxg3 18. fxg3 Bg4 19. Nh2 Be6 20. Ne4 b6
21. Nf3 Qd7 22. Be3 Bh3 23. Qd2 Rae8 24. Bh1 f5 25. Neg5 f4 26. Qh2 fxe3
27. Qxh3 Qxh3 28. Nxh3 Nd4 29. Nfg5 Bh6 30. c3 Nf5 31. g4 Nfh4 32. Bd5+ Kg7
33. Rxe3 Nf4 34. Nxf4 exf4 35. Rxe8 Rxe8 36. Ne4 Re5 37. c4 Nf3+ 38. Kf2
Nd4 39. Rg1 c6 40. Bxc6 Nxc6 41. g5 Nxb4 42. gxh6+ Kxh6 43. Kf3 Nxd3 44.
Rd1 Rxe4 45. Kxe4 Nf2+ 46. Kxf4 Nxd1 47. Ke5 Ne3 48. Kd6 Nxc4+ 49. Kc6 Kg6
50. Kb5 Kf6 51. Kxc4 Ke5 52. Kb5 Kd6 53. Kxb6 1/2-1/2

[Event "60th ch-RUS Higher League"]
[Site "Krasnoyarsk RUS"]
[Date "2007.09.04"]
[Round "2"]
[White "Khairullin,I"]
[Black "Petrukhin,D"]
[Result "1-0"]
[WhiteElo "2567"]
[BlackElo "2412"]
[EventDate "2007.09.03"]

1. e4 e5 2. Nf3 Nc6 3. Bb5 a6 4. Ba4 Nf6 5. O-O b5 6. Bb3 Bc5 7. a4 Rb8 8.
c3 d6 9. d4 Bb6 10. a5 Ba7 11. h3 O-O 12. Be3 exd4 13. cxd4 d5 14. e5 Ne4
15. Nc3 Nxc3 16. bxc3 Ne7 17. Bg5 f6 18. exf6 gxf6 19. Bh6 Rf7 20. Re1 c6
21. Nh4 Ng6 22. Qh5 Nxh4 23. Qxh4 Rbb7 24. Bd1 Rbe7 25. Bh5 Rxe1+ 26. Rxe1
Re7 27. Re5 fxe5 28. Qg5+ 1-0

[Event "60th ch-RUS Higher League"]
[Site "Krasnoyarsk RUS"]
[Date "2007.09.04"]
[Round "2"]
[White "Landa,K"]
[Black "Kremenietsky,AnM"]
[Result "1-0"]
[WhiteElo "2669"]
[BlackElo "2353"]
[EventDate "2007.09.03"]

1. e4 d6 2. d4 Nf6 3. Nc3 g6 4. Be3 c6 5. Qd2 Ng4 6. Bg5 f6 7. Bh4 d5 8.
Bg3 Bg7 9. Be2 Nh6 10. exd5 cxd5 11. Bf3 Be6 12. Nge2 Bf7 13. Nf4 e6 14.
Qe2 Qe7 15. O-O-O Nc6 16. Rhe1 Kd7 17. Na4 Rae8 18. Nxe6 1-0

[Event "60th ch-RUS Higher League"]
[Site "Krasnoyarsk RUS"]
[Date "2007.09.04"]
[Round "2"]
[White "Kokarev,Dm"]
[Black "Pevzner,L"]
[Result "1-0"]
[WhiteElo "2551"]
[BlackElo "2395"]
[EventDate "2007.09.03"]

1. e4 c5 2. Nf3 Nc6 3. d4 cxd4 4. Nxd4 e5 5. Nb5 d6 6. N1c3 a6 7. Na3 b5 8.
Nd5 Nge7 9. c4 Nxd5 10. exd5 Nd4 11. cxb5 Be7 12. Bc4 O-O 13. O-O f5 14.
bxa6 f4 15. Nc2 f3 16. Nxd4 fxg2 17. Re1 exd4 18. Qxd4 Bf6 19. Qd3 Be5 20.
Rxe5 dxe5 21. Be3 e4 22. d6+ Kh8 23. Qa3 Bxa6 24. Bxa6 Rf5 25. Rd1 Ra5 26.
Qb4 R5xa6 27. d7 h6 28. Qb5 Qf6 29. Bd4 Qe6 30. Bc5 Rd8 31. Be7 Qxe7 32.
Qxa6 e3 33. Qd3 e2 34. Re1 Rxd7 35. Qxe2 Qd6 36. Qe8+ Kh7 37. Qe4+ g6 38.
Kxg2 Rf7 39. Re2 Qc5 40. h4 1-0

[Event "60th ch-RUS Higher League"]
[Site "Krasnoyarsk RUS"]
[Date "2007.09.05"]
[Round "3"]
[White "Vitiugov,N"]
[Black "Vorobiov,E"]
[Result "1-0"]
[WhiteElo "2608"]
[BlackElo "2572"]
[EventDate "2007.09.03"]

1. d4 d5 2. Nf3 e6 3. g3 b5 4. Bg2 Nf6 5. O-O Nbd7 6. Nbd2 Bb7 7. c3 Be7 8.
a4 a6 9. b4 a5 10. bxa5 Rxa5 11. Nb3 Rxa4 12. Rxa4 bxa4 13. Na5 Qa8 14.
Nxb7 Qxb7 15. Qxa4 O-O 16. c4 Nb6 17. Qb5 c6 18. Qb1 Qa6 19. c5 Nc4 20. Bf4
Ne4 21. h4 f6 22. Qc2 Ra8 23. Ne1 e5 24. Bxe4 dxe4 25. dxe5 fxe5 26. Bc1 e3
27. Bxe3 Nxe3 28. fxe3 Qa2 29. Qe4 Qxe2 30. Qxc6 Qxe3+ 31. Kh2 Rf8 32. Qd5+
Kh8 33. Rxf8+ Bxf8 34. Nd3 Qe2+ 35. Kg1 h5 36. c6 e4 37. Nf4 Qe3+ 38. Kh2
Qf2+ 39. Ng2 Bc5 40. Qxh5+ Kg8 41. Qe8+ Kh7 42. Qxe4+ g6 43. c7 Qg1+ 44.
Kh3 Qh1+ 45. Kg4 Qd1+ 46. Kg5 1-0

[Event "60th ch-RUS Higher League"]
[Site "Krasnoyarsk RUS"]
[Date "2007.09.05"]
[Round "3"]
[White "Rychagov,A"]
[Black "Tregubov,P"]
[Result "1/2-1/2"]
[WhiteElo "2557"]
[BlackElo "2599"]
[EventDate "2007.09.03"]

1. d4 Nf6 2. Nf3 e6 3. c4 d5 4. Nc3 dxc4 5. e4 Bb4 6. Bg5 c5 7. e5 cxd4 8.
Nxd4 Qa5 9. exf6 Bxc3+ 10. bxc3 Qxg5 11. fxg7 Qxg7 12. Qd2 O-O 13. Bxc4 Rd8
14. Qe3 Bd7 15. O-O Nc6 16. Nf3 Rac8 17. Rad1 Be8 18. Bb3 b6 19. Ng5 Qe5
20. Qxe5 Nxe5 21. Rxd8 Rxd8 22. f4 Ng6 23. f5 exf5 24. Rxf5 Rd7 25. Ne4 Kf8
26. Nf6 Rc7 27. Nxh7+ Ke7 28. Nf6 Bc6 29. g3 a5 30. Nd5+ Bxd5 31. Bxd5 f6
32. c4 Ne5 33. Rf4 b5 34. cxb5 Rc5 35. Bb3 Rxb5 36. Kg2 Nd3 37. Re4+ Kf8
38. Rd4 Nc1 39. Rd5 Rb4 40. Rxa5 Nxb3 41. axb3 Rxb3 42. Ra7 Rb2+ 43. Kh3
Kg8 44. g4 Kf8 45. Kg3 Rb3+ 46. Kh4 Rb2 47. Kh5 Rxh2+ 48. Kg6 Rf2 49. Rf7+
Kg8 50. g5 Rg2 51. Rg7+ Kh8 52. Rh7+ 1/2-1/2

[Event "60th ch-RUS Higher League"]
[Site "Krasnoyarsk RUS"]
[Date "2007.09.05"]
[Round "3"]
[White "Kornev,Alexei"]
[Black "Landa,K"]
[Result "1/2-1/2"]
[WhiteElo "2567"]
[BlackElo "2669"]
[EventDate "2007.09.03"]

1. d4 Nf6 2. c4 e6 3. g3 d5 4. Nf3 dxc4 5. Bg2 Bb4+ 6. Bd2 a5 7. Qc2 Bxd2+
8. Qxd2 c6 9. Ne5 b5 10. b3 cxb3 11. Nxc6 Qb6 12. Nxb8 Bb7 13. d5 exd5 14.
axb3 b4 15. Nd7 Nxd7 16. Bxd5 O-O 17. Bxb7 Qxb7 18. O-O Nc5 19. Qc2 Ne4 20.
Nd2 Nc3 21. Nb1 Ne4 22. Nd2 Nc3 23. Nb1 Nb5 24. Rd1 g6 25. Ra2 Rfc8 26. Qd3
Ra6 27. Qe3 Re6 28. Qg5 Rce8 29. e3 Re5 30. Qf6 Nc3 31. Nxc3 bxc3 32. Rc2
Qxb3 33. Rdc1 Rc5 34. Rxc3 Qb2 35. Qd4 Qxc1+ 36. Rxc1 Rxc1+ 37. Kg2 Rec8
38. Qa7 R1c5 39. h3 h5 40. Qa6 R8c6 41. Qa8+ Kg7 42. Qa7 Rc8 43. Qa6 R8c6
44. Qa7 Rc7 45. Qa6 Kh7 46. Qa8 Rd7 47. g4 h4 48. Qe8 Rcc7 49. Qe4 Rd2 50.
Qf4 Ra7 51. e4 Rdd7 52. Qe3 a4 53. Qa3 Rdb7 54. e5 Rb3 55. Qc5 Rbb7 56. Qa3
Rb5 57. Qe3 Rba5 58. Qg5 R7a6 59. Qxh4+ Kg7 60. Qd8 a3 61. e6 Ra8 62. Qd4+
Kh7 63. Qf6 R5a7 64. Qh4+ Kg8 65. exf7+ Rxf7 66. Qg5 Ra6 67. Qb5 Rfa7 68.
Qc4+ Kh7 69. Qa2 Ra4 70. Kg3 Rb4 71. h4 Rb2 72. Qe6 a2 73. h5 a1=Q 74.
Qxg6+ Kh8 75. Qe8+ Kg7 76. Qe5+ Kf7 77. Qd5+ Ke7 78. Qc5+ Kd7 79. Qd5+ Kc8
80. Qg8+ Kc7 81. Qf7+ Kb8 82. Qf8+ Kb7 83. Qf3+ Kb6 84. Qf6+ Kb5 85. Qe5+
Kc4 86. Qe4+ Kc3 87. Qe3+ Kc2 88. Qe4+ Kc3 89. Qe3+ Kc2 90. Qe4+ Kd2 91.
Qd5+ Kc1 92. Qh1+ Kc2 93. Qe4+ Kb3 94. Qe3+ Kb4 95. Qd4+ Kb5 96. Qe5+ Ka6
97. Qf6+ Kb7 98. Qf3+ Kc8 99. Qf8+ Kd7 100. Qf7+ Kd6 101. Qf6+ Kd5 102.
Qf5+ Kd4 103. Qf4+ Kd3 104. Qe3+ Kc2 105. Qe4+ Kb3 106. Qe3+ 1/2-1/2

[Event "60th ch-RUS Higher League"]
[Site "Krasnoyarsk RUS"]
[Date "2007.09.05"]
[Round "3"]
[White "Smirnov,P"]
[Black "Panarin,M"]
[Result "1/2-1/2"]
[WhiteElo "2636"]
[BlackElo "2529"]
[EventDate "2007.09.03"]

1. e4 c6 2. d4 d5 3. e5 Bf5 4. h4 h6 5. g4 Bd7 6. Nd2 c5 7. dxc5 Qa5 8. c3
Qxc5 9. Nb3 Qc7 10. Bf4 e6 11. Bd3 Na6 12. Nf3 Nc5 13. Nxc5 Bxc5 14. Qe2
Ne7 15. O-O-O O-O-O 16. Kb1 Kb8 17. h5 Nc6 18. Rhg1 d4 19. c4 Nb4 20. Nd2
Ba4 21. Rc1 Qb6 22. a3 Nxd3 23. Qxd3 Bc6 24. Rge1 a5 25. Ne4 Bxe4 26. Rxe4
a4 27. Ka2 Rd7 28. Bd2 Rc8 29. f4 Rdc7 30. f5 Rc6 31. f6 gxf6 32. exf6 Qd8
33. Rf1 Rb6 34. Bxh6 Rb3 35. Qd2 Qb6 36. Bf4+ Ka8 37. Re5 Ka7 38. Rc1 Ka6
39. h6 d3 40. Be3 Bxe3 41. Rxe3 Rxb2+ 42. Qxb2 Qxe3 43. Rb1 b6 44. Qb5+ Kb7
45. h7 Qd4 46. c5 Qd5+ 47. Ka1 Qc6 48. Qxc6+ Kxc6 49. cxb6 Kb7 50. g5 e5
51. Rd1 e4 52. Kb2 Rc2+ 53. Kb1 Rc8 54. g6 fxg6 55. f7 g5 56. Rd2 g4 57.
Rf2 e3 58. f8=Q Rxf8 59. Rxf8 e2 60. h8=Q e1=Q+ 61. Ka2 Qe6+ 62. Ka1
1/2-1/2

[Event "60th ch-RUS Higher League"]
[Site "Krasnoyarsk RUS"]
[Date "2007.09.05"]
[Round "3"]
[White "Galkin,A"]
[Black "Kabanov,N"]
[Result "1/2-1/2"]
[WhiteElo "2608"]
[BlackElo "2509"]
[EventDate "2007.09.03"]

1. d4 Nf6 2. Nf3 c5 3. e3 g6 4. dxc5 Qa5+ 5. Nbd2 Bg7 6. a3 Qxc5 7. b4 Qc7
8. Bb2 O-O 9. c4 b6 10. Be2 Bb7 11. O-O d6 12. Rc1 Nbd7 13. Qb3 Rac8 14. h3
Qb8 15. Rfd1 d5 16. cxd5 Bxd5 17. Qa4 Rxc1 18. Rxc1 Rd8 19. Bb5 Qb7 20. Ba6
Qb8 21. Qc2 Qa8 22. Bd4 Nf8 23. Be5 Ne6 24. Qb2 Ne4 25. Bxg7 Nxg7 26. Nb3
Ne6 27. Nbd4 Nxd4 28. Nxd4 Nd6 29. Bf1 1/2-1/2